<?xml version="1.0" encoding="UTF-8"?>
<marc:record xmlns:marc="http://www.loc.gov/MARC21/slim">
   <marc:leader>00000nam a2200000 a 4500</marc:leader>
   <marc:datafield ind1="1" ind2=" " tag="100">
      <marc:subfield code="a">Schwarz, Alois</marc:subfield>
      <marc:subfield code="4">aut</marc:subfield>
      <marc:subfield code="e">Verfasser/-in</marc:subfield>
   </marc:datafield>
   <marc:datafield ind1="0" ind2="0" tag="245">
      <marc:subfield code="a">Sorgt euch also nicht um morgen</marc:subfield>
   </marc:datafield>
   <marc:datafield ind1="0" ind2="0" tag="245">
      <marc:subfield code="b">ein Bischof zur Zukunft des Glaubens</marc:subfield>
   </marc:datafield>
   <marc:datafield ind1="0" ind2="0" tag="245">
      <marc:subfield code="c">Schwarz, Alois</marc:subfield>
   </marc:datafield>
   <marc:datafield ind1=" " ind2="1" tag="264">
      <marc:subfield code="a">Graz</marc:subfield>
      <marc:subfield code="b">Styria</marc:subfield>
      <marc:subfield code="c">2002</marc:subfield>
   </marc:datafield>
   <marc:datafield ind1="1" ind2=" " tag="520">
      <marc:subfield code="a">Quelle: bn.bibliotheksnachrichten (http://www.biblio.at/literatur/bn/index.html); &#xD;
Autor: Johann Neumayer; &#xD;
Gedanken des Klagenfurter Bischofs Alois Schwarz. (PL)&#xD;
&#xD;
Es ist modern geworden, dass Bischöfe Bücher schreiben. So gibt es Kunst- und Meditationsbücher, veritable Kurzgeschichten und auch theologische Werke aus Bischofshand. Dieses Buch will deutlich pastoral verstanden werden. Einerseits stellt sich Bischof Alois Schwarz hiermit seiner Diözese quasi vor, mit seiner Herkunft und den Schwerpunkten, die er setzen möchte. Vieles an diesem Buch ist übreraus bedenkenswert, manches zeugt von einer feinen Beobachtungsgabe. Konkrete Vorgaben und Ideen beziehen sich in erster Linie auf die Diözese Gurk-Klagenfurt, an deren Bevölkerung dieses Buch hauptsächlich gerichtet ist.</marc:subfield>
   </marc:datafield>
   <marc:datafield ind1=" " ind2=" " tag="041">
      <marc:subfield code="a">ger</marc:subfield>
   </marc:datafield>
   <marc:datafield ind1=" " ind2=" " tag="300">
      <marc:subfield code="b">zahlr. Ill. (farb.)</marc:subfield>
   </marc:datafield>
   <marc:datafield ind1=" " ind2=" " tag="338">
      <marc:subfield code="a">Band</marc:subfield>
   </marc:datafield>
   <marc:datafield ind1=" " ind2=" " tag="300">
      <marc:subfield code="a">196 S.</marc:subfield>
   </marc:datafield>
</marc:record>
